Medical-surgical nursing: critical thinking for collaborative care. / (Record no. 9205)
[ view plain ]
| 000 -LEADER | |
|---|---|
| fixed length control field | 04557nam a22002897a 4500 |
| 001 - CONTROL NUMBER | |
| control field | 013655417 |
| 003 - CONTROL NUMBER IDENTIFIER | |
| control field | OSt |
| 005 - DATE AND TIME OF LATEST TRANSACTION | |
| control field | 20220906140354.0 |
| 008 - FIXED-LENGTH DATA ELEMENTS--GENERAL INFORMATION | |
| fixed length control field | 070129s2008 enka 000 0 eng d |
| 010 ## - LIBRARY OF CONGRESS CONTROL NUMBER | |
| LC control number | 2006101508 |
| 020 ## - INTERNATIONAL STANDARD BOOK NUMBER | |
| International Standard Book Number | 9780131713109 |
| 020 ## - INTERNATIONAL STANDARD BOOK NUMBER | |
| International Standard Book Number | 0131713108 |
| 040 ## - CATALOGING SOURCE | |
| Transcribing agency | LC |
| 050 ## - LIBRARY OF CONGRESS CALL NUMBER | |
| Classification number | RT41.M49 |
| 100 ## - MAIN ENTRY--PERSONAL NAME | |
| Personal name | LeMone, Priscilla |
| 9 (RLIN) | 211 |
| 245 ## - TITLE STATEMENT | |
| Title | Medical-surgical nursing: critical thinking for collaborative care. / |
| Statement of responsibility, etc. | Priscilla LeMone, Karen Burke. |
| 250 ## - EDITION STATEMENT | |
| Edition statement | 4th ed. |
| 260 ## - PUBLICATION, DISTRIBUTION, ETC. | |
| Place of publication, distribution, etc. | Upper Saddle River, New Jersey: |
| Name of publisher, distributor, etc. | Prentice Hall, |
| Date of publication, distribution, etc. | 2008. |
| 300 ## - PHYSICAL DESCRIPTION | |
| Extent | xxxviii, 1853 p. : |
| Other physical details | ill. ; |
| Dimensions | 28 cm. |
| 504 ## - BIBLIOGRAPHY, ETC. NOTE | |
| Bibliography, etc. note | Includes bibliographical references and index. |
| 505 ## - FORMATTED CONTENTS NOTE | |
| Formatted contents note | Contents: Medical-surgical nursing practice: Dimensions of medical-surgical nursing -- Medical surgical nursing -- Health and illness in the adult client -- Community-based and home care of the adult client -- Alterations in patterns of health: Nursing care of clients having surgery -- Nursing care of clients experiencing loss, grief, and death -- Nursing care of clients with problems of substance abuse -- Nursing care of clients experiencing disasters -- Pathophysiology and patterns of health: Genetic implications of adult health nursing -- Nursing care of clients experiencing pain -- Nursing care of clients with altered fluid, electrolyte, and acid-base balance -- Nursing care of clients experiencing trauma and shock -- Nursing care of clients with infections -- Nursing care of clients with altered immunity -- Nursing care of clients with cancer<br/>Nutritional and metabolic patterns: Responses to altered integumentary structure and function: Assessing clients with integumentary disorders -- Nursing care of clients with integumentary disorders -- Nursing care of clients with burns: Responses to altered endocrine disorders -- Assessing clients with endocrine disorders -- Nursing care of clients with endocrine disorders -- Nursing care clients with diabetes mellitus -- Responses to altered nutrition: Assessing clients with nutritional and gastrointestinal disorders -- Nursing care of clients with nutritional disorders -- Nursing care of clients with upper gastrointestinal disorders -- Nursing care of clients with gallbladder, liver, and pancreatic disorders -- Elimination patterns: Responses to altered bowel elimination: Assessing clients with bowel elimination disorders -- Nursing care of clients with bowel disorders -- Responses to altered urinary elimination: Assessing clients with urinary elimination disorders -- Nursing care of clients with urinary tract disorders -- Nursing care of clients with kidney disorders -- Activity and exercise patterns: Responses to altered cardiac function: Assessing clients with cardiac disorders -- Nursing care of clients with coronary heart disease -- Nursing care of clients with cardiac disorders -- Responses to altered peripheral tissue perfusion: Assessing clients with hematologic, peripheral vascular, and lymphatic disorders -- Nursing care of clients with hematologic disorders -- Nursing care of clients with peripheral vascular disorders -- Responses to altered respiratory function: Assessing clients with respiratory disorders -- Nursing care of clients with upper respiratory disorders -- Nursing care of clients with ventilation disorders -- Nursing care of clients with gas exchange disorders -- Responses to altered musculoskeletal disorders: Assessing clients with musculoskeletal disorders -- Nursing care of clients with musculoskeletal trauma -- Nursing care of clients with musculoskeletal disorders -- Cognitive and perceptual patterns: Responses to altered neurologic function: Assessing clients with neurologic disorders -- Nursing care of clients with intracranial disorders -- Nursing care of clients with cerebrovascular and spinal cord disorders -- Nursing care of clients with neurologic disorders -- Responses to altered visual and auditory function: Assessing clients with eye and ear disorders -- Nursing care of clients with eye and ear disorders -- Sexuality and reproductive patterns: Responses to altered reproductive function: Assessing clients with reproductive system and breast disorders -- Nursing care of men with reproductive system and breast disorders -- Nursing care of women with reproductive system and breast disorders -- Nursing care of clients with sexually transmitted infections -- |
| 650 ## - SUBJECT ADDED ENTRY--TOPICAL TERM | |
| Form subdivision | Nursing |
| 9 (RLIN) | 102 |
| 650 ## - SUBJECT ADDED ENTRY--TOPICAL TERM | |
| Form subdivision | Surgical nursing |
| 9 (RLIN) | 97 |
| 650 ## - SUBJECT ADDED ENTRY--TOPICAL TERM | |
| Form subdivision | Critical thinking |
| 9 (RLIN) | 103 |
| 700 ## - ADDED ENTRY--PERSONAL NAME | |
| Personal name | Burke, Karen |
| 9 (RLIN) | 360 |
| 942 ## - ADDED ENTRY ELEMENTS (KOHA) | |
| Source of classification or shelving scheme | Library of Congress Classification |
| Koha item type | Books |
| Withdrawn status | Lost status | Source of classification or shelving scheme | Damaged status | Not for loan | Home library | Current library | Shelving location | Date acquired | Total Checkouts | Full call number | Barcode | Date last seen | Price effective from | Koha item type |
|---|---|---|---|---|---|---|---|---|---|---|---|---|---|---|
| Library of Congress Classification | WISCONSIN INTERNATIONAL UNIVERSITY COLLEGE, GHANA KUMASI LIBRARY | WISCONSIN INTERNATIONAL UNIVERSITY COLLEGE, GHANA KUMASI LIBRARY | nursing | 28/11/2019 | RT41.M49(4e) | KSN/856/856/19 | 06/09/2022 | 06/09/2022 | Books |
